Lord of the Rings Characters - Instant Death - Statistics

General Stats
  • This quiz has been taken 308 times
  • The average score is 7 of 10
Answers on the Grid
Answers color-coded by a green-red scale on the quiz's grid according to % correct below.
Frodo Baggins
Meriadoc Brandybuck
Lucius Malfoy
Quirinus Quirrell
Peregrin Took
Sam Gamgee
Eustace Scrubb
Gandalf the Grey
Gandalf the White
Dobby
Gale Hawthorne
Legolas
Bilbo Bags
Smog the Dragon
Radagast the Brown
Dolores Umbridge
Harry Potter
Elrond
Gimli
Lucy Pevensie
 
Answer Stats
Answer % Correct
Gandalf the Grey
78%
Legolas
78%
Elrond
77%
Frodo Baggins
76%
Gandalf the White
76%
Gimli
76%
Sam Gamgee
76%
Peregrin Took
72%
Meriadoc Brandybuck
65%
Radagast the Brown
64%
No matching quizzes found
Score Distribution
Percent of People with Each Score
Percentile by Number Answered
Your Score History
You have not taken this quiz